The O and M assignment (Record no. 491238)

000 -LEADER
fixed length control field 00365cam a22001097a 4500
008 - FIXED-LENGTH DATA ELEMENTS--GENERAL INFORMATION
fixed length control field 180718b1962 xxu||||| |||| 00| 0 eng d
082 ## - DEWEY DECIMAL CLASSIFICATION NUMBER
Classification number I513084 Au78Q
245 ## - TITLE STATEMENT
Title The O and M assignment
Statement of responsibility, etc. by Commonwealth Public Service Board
260 ## - PUBLICATION, DISTRIBUTION, ETC.
Place of publication, distribution, etc. Canberra
Name of publisher, distributor, etc. Commonwealth Public Service Board
Date of publication, distribution, etc. 1962
300 ## - PHYSICAL DESCRIPTION
Extent 22+p.
700 ## - ADDED ENTRY--PERSONAL NAME
Personal name Australia. Commonwealth Public Service Board
Holdings
Withdrawn status Lost status Damaged status Not for loan Permanent Location Current Location Date acquired Full call number Barcode Date last seen Price effective from Koha item type
        Indian Institute of Public Administration Indian Institute of Public Administration 2018-08-04 I513084 Au78Q GG1108 2018-08-04 2018-08-04 GG

Powered by Koha